00671nam a22002297a 4500003000500000005001700005008004100022010001100063011001100074035001100085040000900096110000800105245014300113260002300256300002900279650002900308650001800337650002700355700002100382700001500403700002300418CHAP20220817044516.0120229s1994 it a r 00010 spa d a102878 a103850 a114539 cCHAP2 aFAO10aEn busca de una base común :blos objetivos demográficos y la opción individualc/por Steven W. Sinding, John Ross y Allan Rosenfied aRoma :bFAO,c1994 a20 p. :bilus., gráfs.14aControl de la natalidad.14aDemografía.14aFamiliaxPlaneación.1 aRosenfield, Alan1 aRoss, John1 aSinging, Steven W.